| 000 | 00737pam a2200229 a 4500 | ||
|---|---|---|---|
| 001 | 2487543 | ||
| 005 | 20180301050114.0 | ||
| 008 | 910716s1991 wiua b 100 0 eng | ||
| 010 | _a 91026871 | ||
| 020 | _a0891187987 | ||
| 040 |
_aDLC _cDLC _dDLC |
||
| 041 | _aeng | ||
| 080 | _a631.47 | ||
| 082 | 0 | 0 |
_a631.47 MAU _220 |
| 100 | _a9 | ||
| 101 | _aMJE | ||
| 245 | 0 | 0 |
_aSpatial variabilities of soils and landforms / _ceditors, M.J. Mausbach and L.P. Wilding. |
| 504 | _aIncludes bibliographical references. | ||
| 906 |
_a7 _bcbc _corignew _d1 _eocip _f19 _gy-gencatlg |
||
| 942 |
_2ddc _cBK |
||
| 999 |
_c43806 _d43806 |
||